000 00666nam a22002417a 4500
008 240620b mp ||||| |||| 00| 0 mon d
020 _a978-99973-1-260-0
035 _a21043
040 _aUM0146080
_bmon
_cMN-UlNLM
_dMN-UlNLM
_erda
041 _amon
042 _a81228
084 _2NNA
_a74.100.5
_bТ594
100 _aТөрмөнх Б
245 0 _aХавар
264 _aУБ
_bМон судар ХГ
_c2015
300 _a10х.
336 _2rdacontent
_atext
_btxt
337 _2rdamedia
_aunmediated
_bn
338 _2rdacarrier
_avolume
_bnc
650 _aХайлтын ном
942 _2NNA
_cBK
999 _c1054750
_d1054807